| Поле | Название | Значение |
| |
Тип записи |
a |
| |
Библиографический уровень |
m |
| 001 |
Контрольный номер |
RU/IS/BASE/554567639 |
| 005 |
Дата корректировки |
20180512104107.0 |
| 010 |
Индекс ISBN |
__ |
| a |
ISBN |
978-5-9614-6037-7 |
| d |
Цена |
485-75 |
| 101 |
Язык документа |
0_ |
| a |
Язык текста |
rus |
| 200 |
Заглавие и сведения об ответственности |
1_ |
| a |
Заглавие |
Тренировка памяти |
| e |
Сведения, относящиеся к заглавию |
экспресс-курс : перевод с англ. |
| f |
Первые сведения об ответственности |
Рон Фрай |
| 200 |
Заглавие и сведения об ответственности |
__ |
| d |
Параллельное заглавие |
Improve your memory |
| 205 |
Сведения об издании |
__ |
| a |
Основные сведения об издании |
3-е изд. |
| 210 |
Выходные данные |
__ |
| a |
Место издания |
Москва |
| c |
Издательство |
Альпина Паблишер |
| d |
Дата издания |
2017 |
| 215 |
Физическое описание |
__ |
| a |
Объем |
146 с. |
| 330 |
Аннотация |
__ |
| a |
Аннотация |
Книга предлагает читателю простые, нетривиальные и действенные способы для запоминания сведений разной степени сложности. Не можете сосредоточиться при запоминании больших объемов информации? Упражнения по мнемотехнике, приведенные на страницах "Тренировки памяти", обязательно помогут справиться с этой проблемой. Книга адресована школьникам, студентам, их родителям и педагогам, а также всем, кто продолжает учиться и узнавать новое, не желая останавливаться на достигнутом. |
| 606 |
Тематические рубрики |
__ |
| a |
Основная рубрика |
Психология |
| 606 |
Тематические рубрики |
__ |
| a |
Основная рубрика |
Общая психология |
| 610 |
Ключевые слова |
__ |
| a |
Ключевые слова |
память (психол.) |
| 610 |
Ключевые слова |
__ |
| a |
Ключевые слова |
оперативная память |
| 686 |
Индексы других классификаций |
__ |
| a |
Индекс ББК |
88.25 |
| 700 |
Автор |
_0 |
| a |
Фамилия |
Фрай |
| b |
Имя |
Р. |
| g |
Полное личное имя |
Ронльд |
| 801 |
Источник записи |
_0 |
| a |
Страна |
RU |
| b |
Организация |
Центральная районная библиотека им. Г. А. Пирожникова |
| g |
Правила каталогизации |
ОКиОЛ/Никишина |
| 801 |
Источник записи |
_1 |
| a |
Страна |
RU |
| b |
Организация |
Центральная районная библиотека им. Г. А. Пирожникова |
| g |
Правила каталогизации |
ОКиОЛ/Никишина |
| 852 |
Данные о местонахождении |
__ |
| j |
Шифр хранения |
88.25 |
| i |
Авторский знак |
Ф 82 |
| b |
Сигла хранения |
ООЧ; 8; 18; 26; 29 |
| 901 |
Тип документа |
_0 |
| t |
Тип документа |
m |
| 905 |
Дата создания БЗ |
__ |
| a |
Дата создания БЗ |
2017.07.28 |
| 990 |
Данные о заказе (DOS) |
__ |
| j |
Количество экземпляров (DOS) |
5 |
| h |
N записи в КСУ для Б/У (DOS) |
2017-11 |